Nazwy skoczni narciarskich - Statystyki

Ogólne statystyki
  • Ten quiz został rozwiązany 27 razy
  • Średni wynik to 10 z 23
Statystyki odpowiedzi
Hint Odpowiedź % Poprawnych
Zakopane, HS140 Wielka Krokiew
87%
Planica, HS240 Letalnica
83%
Bad Mitterndorf, HS235 Kulm
74%
Ruka, HS142 Rukatunturi
74%
Vikersund, HS240 Vikersundbakken
74%
Sapporo, HS137 Ōkurayama
70%
Wisła, HS134 Skocznia im. Adama Małysza
70%
Innsbruck, HS128 Bergisel
61%
Oslo, HS134 Holmenkollbakken
61%
Szczyrk, HS104 Skalite
48%
Oberstdorf, HS137 Schattenbergschanze
39%
Engelberg, HS140 Gross-Titlis-Schanze
35%
Oberstdorf, HS235 Heini-Klopfer-Skiflugschanze
35%
Willingen, HS147 Mühlenkopfschanze
35%
Lahti, HS130 Salpausselkä
30%
Trondheim, HS138 Granåsen
26%
Titisee-Neustadt, HS142 Hochfirstschanze
22%
Garmisch-Partenkirchen, HS142 Olympiaschanze
17%
Bischofshofen, HS142 Paul-Ausserleitner-Schanze
17%
Predazzo, HS135 Trampolino Dal Ben
13%
Lake Placid, HS128 MacKenzie Intervale Ski Jump
9%
Lillehammer, HS140 Lysgårdsbakkene
4%
Klingenthal, HS140 Schwarzbergschanze
0%
Nie znaleziono quizów pasujących do podanych kryteriów
Rozkład punktacji
Procent ludzi z każdym wynikiem
Percentyl według liczby udzielonych odpowiedzi
Twoja historia wyników
Nie rozwiązałeś tego quizu